000
00285nam a22001337a 4500
008
181011b xxu||||| |||| 00| 0 eng d
020
_a
9780415900959
041
_a
eng
080
_a
101
100
_a
24
101
_a
FIL
245
_a
Nietzsche's Case
_c
Magnus, B
942
_2
udc
_c
BK
999
_c
49423
_d
49423